<?xml version="1.0" encoding="UTF-8"?>
<record
    xmlns:xsi="http://www.w3.org/2001/XMLSchema-instance"
    xsi:schemaLocation="http://www.loc.gov/MARC21/slim http://www.loc.gov/standards/marcxml/schema/MARC21slim.xsd"
    xmlns="http://www.loc.gov/MARC21/slim">

  <leader>02612nam a22002537a 4500</leader>
  <controlfield tag="005">20250407104509.0</controlfield>
  <controlfield tag="008">250120b           ||||| |||| 00| 0 eng d</controlfield>
  <datafield tag="020" ind1=" " ind2=" ">
    <subfield code="a">8188278041</subfield>
  </datafield>
  <datafield tag="040" ind1=" " ind2=" ">
    <subfield code="c">AL</subfield>
  </datafield>
  <datafield tag="041" ind1=" " ind2=" ">
    <subfield code="a">kan</subfield>
  </datafield>
  <datafield tag="082" ind1=" " ind2=" ">
    <subfield code="2">23</subfield>
    <subfield code="a">294.092K</subfield>
    <subfield code="b">RAOS</subfield>
  </datafield>
  <datafield tag="100" ind1=" " ind2=" ">
    <subfield code="a">S K RAMACHANDRA RAO </subfield>
    <subfield code="9">207692</subfield>
  </datafield>
  <datafield tag="100" ind1=" " ind2=" ">
    <subfield code="b">&#xC8E;&#xCB8;&#xCCD; &#xC95;&#xCC6; &#xCB0;&#xCBE;&#xCAE;&#xC9A;&#xC82;&#xCA6;&#xCCD;&#xCB0; &#xCB0;&#xCBE;&#xCB5;&#xCCD;</subfield>
    <subfield code="9">207693</subfield>
  </datafield>
  <datafield tag="245" ind1=" " ind2=" ">
    <subfield code="a">Sharadapithada Manikya</subfield>
    <subfield code="b">&#xCB6;&#xCBE;&#xCB0;&#xCA6;&#xCBE;&#xCAA;&#xCC0;&#xCA0;&#xCA6; &#xCAE;&#xCBE;&#xCA3;&#xCBF;&#xC95;&#xCCD;&#xCAF; </subfield>
  </datafield>
  <datafield tag="260" ind1=" " ind2=" ">
    <subfield code="a">Bengaluru</subfield>
    <subfield code="b">Abhijnana</subfield>
    <subfield code="c">2021</subfield>
  </datafield>
  <datafield tag="300" ind1=" " ind2=" ">
    <subfield code="a">239p.</subfield>
    <subfield code="b">HB</subfield>
    <subfield code="c">22x14cm.</subfield>
  </datafield>
  <datafield tag="365" ind1=" " ind2=" ">
    <subfield code="2">Sociology</subfield>
    <subfield code="a">BLCR-000066</subfield>
    <subfield code="b">300.00</subfield>
    <subfield code="c">&#x20B9;</subfield>
    <subfield code="d">375.00</subfield>
    <subfield code="e">20%</subfield>
    <subfield code="f">13-01-2025</subfield>
  </datafield>
  <datafield tag="440" ind1=" " ind2=" ">
    <subfield code="a">Jeevanamratha: &#xC9C;&#xCC0;&#xCB5;&#xCA8;&#xCBE;&#xCAE;&#xCC3;&#xCA4;;1</subfield>
    <subfield code="9">194180</subfield>
  </datafield>
  <datafield tag="520" ind1=" " ind2=" ">
    <subfield code="a">&#xCA8;&#xCAE;&#xCCD;&#xCAE; &#xC95;&#xCBE;&#xCB2;&#xCA6; &#xCAC;&#xCA6;&#xCC1;&#xC95;&#xCC1;, &#xC97;&#xCC1;&#xCA3;, &#xCAC;&#xCC6;&#xCB3;&#xCB5;&#xCA3;&#xCBF;&#xC97;&#xCC6;, &#xCB8;&#xC82;&#xCA6;&#xCB0;&#xCCD;&#xCAD;, &#xCB8;&#xCBF;&#xCA6;&#xCCD;&#xCA7;&#xCBF; &#x2013; &#xCB8;&#xCBE;&#xCA7;&#xCA8;&#xCC6;, &#xCAA;&#xCCD;&#xCB0;&#xCAD;&#xCBE;&#xCB5; &#x2013; &#xC87;&#xCB5;&#xCC1;&#xC97;&#xCB3; &#xCB8;&#xCAE;&#xC97;&#xCCD;&#xCB0; &#xC9A;&#xCBF;&#xCA4;&#xCCD;&#xCB0;&#xCA3; &#xCA8;&#xCC0;&#xCA1;&#xCC1;&#xCB5;&#xCC1;&#xCA6;&#xCC1; &#xC88; &#xCAC;&#xCB0;&#xCB9;&#xCA6; &#xCB9;&#xCBF;&#xC82;&#xCA6;&#xCBF;&#xCB0;&#xCC1;&#xCB5; &#xC89;&#xCA6;&#xCCD;&#xCA6;&#xCC7;&#xCB6;. &#xCB6;&#xCBE;&#xCB0;&#xCA6; &#xCAC;&#xCB2;&#xCBF;&#xCAA;&#xCC0;&#xCA0;&#xCA6; &#xCAE;&#xCBE;&#xCA3;&#xCBF;&#xC95;&#xCCD;&#xCAF;&#xCB5;&#xCC1; &#xCAE;&#xC97;&#xCC1;&#xCB5;&#xCBF;&#xCA8; &#xC9C;&#xCC0;&#xCB5;&#xCA8;&#xCB5;&#xCA8;&#xCCD;&#xCA8;&#xCC1; &#xCB9;&#xCC7;&#xC97;&#xCC6; &#xC9A;&#xCBF;&#xCA4;&#xCCD;&#xCB0;&#xCBF;&#xCB8;&#xCC1;&#xCA4;&#xCCD;&#xCA4;&#xCA6;&#xCC6; &#xC8E;&#xC82;&#xCAC;&#xCC1;&#xCA6;&#xC95;&#xCCD;&#xC95;&#xCC6; &#xCB8;&#xCBE;&#xCB0;&#xCCD;&#xCB5;&#xC95;&#xCBE;&#xCB2;&#xCBF;&#xC95; &#xCAE;&#xCBE;&#xCA6;&#xCB0;&#xCBF;&#xCAF;&#xCBE;&#xC97;&#xCBF;&#xCA6;&#xCC6;, &#xCAC;&#xC95;&#xCCD; - &#xCAC;&#xCBF;&#xC97;&#xCBF;&#xCAF;&#xCBE;&#xCA6;, &#xCB8;&#xCBE;&#xC82;&#xCA6;&#xCCD;&#xCB0;&#xCB5;&#xCBE;&#xCA6; - &#xCA6;&#xCC3;&#xCB7;&#xCCD;&#xC9F;&#xCBF;, &#xCB6;&#xCC8;&#xCB2;&#xCBF; - &#xCB8;&#xC82;&#xCB5;&#xCBF;&#xCA7;&#xCBE;&#xCA8;, &#xCAD;&#xCBE;&#xCB7;&#xCC6; - &#xCAC;&#xCB9;&#xCC1;&#xCAE;&#xCBE;&#xCA8; &#xC92;&#xC82;&#xCA6;&#xCC7; &#xCB5;&#xCBF;&#xCB7;&#xCAF;, &#xCA8;&#xCBF;&#xCB0;&#xCCD;&#xCAD;&#xCC0;&#xCA4;&#xCBF;&#xCAF;&#xCBF;&#xC82;&#xCA6; &#xC95;&#xCB2;&#xCBE;&#xCB8;&#xCBF;&#xCA6;&#xCCD;&#xCB5;&#xCBF;, &#xCB2;&#xCC7;&#xC96;&#xCA8;&#xC97;&#xCB3;&#xCC1; &#xCAE;&#xCA4;&#xCCD;&#xCA4;&#xCC1; &#xCB0;&#xC9A;&#xCA8;&#xCC6;&#xC95;&#xCBE;&#xCB0;&#xCB0;&#xCC1; &#xC87;&#xCB2;&#xCCD;&#xCB2;&#xCBF; &#xCA4;&#xCCB;&#xCB0;&#xCBF;&#xCB8;&#xCBF;&#xCA6; &#xCB5;&#xCB8;&#xCCD;&#xCA4;&#xCC1; &#xCAC;&#xCC6;&#xCB3;&#xCB5;&#xCA3;&#xCBF;&#xC97;&#xCC6;&#xC97;&#xCB3;&#xCC1;, &#xC85;&#xCB5;&#xCB0; &#xCB8;&#xCAE;&#xC97;&#xCCD;&#xCB0;&#xCA4;&#xCC6;&#xCAF;&#xCA8;&#xCCD;&#xCA8;&#xCC1; &#xCAE;&#xCC1;&#xCB0;&#xCBF;&#xCAF;&#xCA6;&#xCC6;, &#xC85;&#xCA8;&#xCA8;&#xCCD;&#xCAF;, &#xCAA;&#xCCD;&#xCB0;&#xCAC;&#xCC1;&#xCA6;&#xCCD;&#xCA7;, &#xCB6;&#xCC8;&#xC95;&#xCCD;&#xCB7;&#xCA3;&#xCBF;&#xC95;. &#xCB8;&#xCB0;&#xC95;&#xCBE;&#xCB0; &#xCB0;&#xCBE;&#xCAE;&#xC9A;&#xC82;&#xCA6;&#xCCD;&#xCB0;&#xCB0;&#xCBE;&#xCAF;&#xCB0;&#xCC1; &#xCA8;&#xCAE;&#xCCD;&#xCAE; &#xCA6;&#xCC7;&#xCB6;&#xCA6; &#xCAC;&#xCB9;&#xCC1;&#xCAE;&#xCC1;&#xC96; &#xCB5;&#xCBF;&#xCA6;&#xCCD;&#xCB5;&#xCBE;&#xC82;&#xCB8;&#xCB0;&#xCB2;&#xCCD;&#xCB2;&#xCBF; &#xC92;&#xCAC;&#xCCD;&#xCAC;&#xCB0;&#xCC1;; &#xCA4;&#xCAE;&#xCCD;&#xCAE; &#xCB8;&#xCBF;&#xCA6;&#xCCD;&#xCA7;&#xCBF;-&#xCB8;&#xCBE;&#xCA7;&#xCA8;&#xCC6;&#xC97;&#xCB3;&#xCBF;&#xC82;&#xCA6; &#xCB8;&#xCB0;&#xCCD;&#xCB5;&#xCB8;&#xCA4;&#xCCD;&#xCB2;&#xCCB;&#xC95; &#xC9C;&#xC97;&#xCA4;&#xCCD;&#xCA4;&#xCA8;&#xCCD;&#xCA8;&#xCC1; &#xCAC;&#xCC6;&#xCB3;&#xC97;&#xCBF;&#xCA6;&#xCB5;&#xCB0;&#xCC1; &#xC9A;&#xC82;&#xCA6;&#xCCD;&#xCB0;&#xCB6;&#xCC7;&#xC96;&#xCB0;&#xCAD;&#xCBE;&#xCB0;&#xCA4;&#xCC0;&#xCAE;&#xCB9;&#xCBE;&#xCB8;&#xCCD;&#xCB5;&#xCBE;&#xCAE;&#xCBF;&#xC97;&#xCB3;&#xCB2;&#xCCD;&#xCB2;&#xCBF; &#xC97;&#xCC1;&#xCB0;&#xCC1;&#xC97;&#xCB3; &#xC86;&#xCB6;&#xCC0;&#xCB0;&#xCCD;&#xCB5;&#xCBE;&#xCA6; &#xCAA;&#xCA1;&#xCC6;&#xCA6;&#xCB5;&#xCB0;&#xCC1;. &#xCB9;&#xCC0;&#xC97;&#xCBE;&#xC97;&#xCBF;&#xCAF;&#xCC7; &#xC87;&#xCB2;&#xCCD;&#xCB2;&#xCBF;&#xCA8; &#xCAC;&#xCB0;&#xCB9; &#xCB5;&#xCBF;&#xCB6;&#xCC7;&#xCB7;&#xCB5;&#xCBE;&#xC97;&#xCBF;&#xCA6;&#xCC6;.</subfield>
  </datafield>
  <datafield tag="650" ind1=" " ind2=" ">
    <subfield code="a">Life of Sri Sri Chandrashekhara Bharati Mahasvamin: &#xC9A;&#xC82;&#xCA6;&#xCCD;&#xCB0;&#xCB6;&#xCC7;&#xC96;&#xCB0; &#xCAD;&#xCBE;&#xCB0;&#xCA4;&#xCBF; &#xCAE;&#xCB9;&#xCBE;&#xCB8;&#xCCD;&#xCB5;&#xCBE;&#xCAE;&#xCBF;&#xC97;&#xCB3;&#xCC1; </subfield>
    <subfield code="9">194176</subfield>
  </datafield>
  <datafield tag="650" ind1=" " ind2=" ">
    <subfield code="a">Biography</subfield>
    <subfield code="9">194177</subfield>
  </datafield>
  <datafield tag="700" ind1=" " ind2=" ">
    <subfield code="a">RAO (S K Ramachandra)</subfield>
    <subfield code="9">194178</subfield>
  </datafield>
  <datafield tag="942" ind1=" " ind2=" ">
    <subfield code="2">ddc</subfield>
    <subfield code="c">BK</subfield>
  </datafield>
  <datafield tag="999" ind1=" " ind2=" ">
    <subfield code="c">233663</subfield>
    <subfield code="d">233663</subfield>
  </datafield>
  <datafield tag="952" ind1=" " ind2=" ">
    <subfield code="0">0</subfield>
    <subfield code="1">0</subfield>
    <subfield code="2">ddc</subfield>
    <subfield code="4">0</subfield>
    <subfield code="7">0</subfield>
    <subfield code="8">SOC</subfield>
    <subfield code="a">AL</subfield>
    <subfield code="b">AL</subfield>
    <subfield code="d">2025-01-17</subfield>
    <subfield code="e">Navakarnataka Publications Pvt. Ltd. Mangaluru-575001</subfield>
    <subfield code="g">300.00</subfield>
    <subfield code="l">0</subfield>
    <subfield code="o">294.092K RAOS</subfield>
    <subfield code="p">077532</subfield>
    <subfield code="r">2025-01-20 00:00:00</subfield>
    <subfield code="v">375.00</subfield>
    <subfield code="w">2025-01-20</subfield>
    <subfield code="y">BK</subfield>
  </datafield>
</record>
